000 00257nmm a2200085Ia 4500
008 220120s9999||||xx |||||||||||||||||und||
100 _aPC QUEST
_910676
245 0 _a14 open source big data tools; databases, big data stores, s
260 _aCyber media Pvt. Ltd.
999 _c139842
_d139842